| 000 | 00379nam a2200133Ia 4500 | ||
|---|---|---|---|
| 999 |
_c21563 _d21563 |
||
| 082 | _aTG.0242 | ||
| 100 | _aGanguly, Malabika | ||
| 245 | 0 | _aStudy of the determinants of scholastic achievement in rural and urban areas | |
| 260 |
_c1989 _bVisva-Bharati University |
||
| 300 | _a511p. + C D - 36 | ||
| 650 | _aACADEMIC ACHIEVEMENT | ||
| 710 | _aBanerjee, N.P. | ||
| 942 |
_cTH _2ddc |
||